Statistics for Octopuses by Picture

Click here to take the quiz!

General Stats

  • This quiz has been taken 37 times
  • The average score is 3 of 18

Answer Stats

Answer% Correct
Blue Ringed Octopus
88%
Dumbo Octopus
50%
Kraken
35%
Giant Octopus
29%
Mimic Octopus
26%
Coconut Octopus
18%
Giant Pacific Octopus
18%
Blanket Octopus
12%
East Pacific Red Octopus
9%
Glass Octopus
9%
Seven-Arm Octopus
9%
Argonaunt octopus
6%
Benthic octopus
3%
Graneledone verrucosa
3%
Amphitretus
0%
California Two-Spot Octopus
0%
Stauroteuthis
0%
Vulcanoctopus
0%

Score Distribution

Percentile by Number Answered

Percent of People with Each Score

Your Score History

You have not taken this quiz